00608nam a2200193 i 4500001000300000100002300003245008800026260002200114700001800136700002400154040000800178041000800186080001200194942000700206008004100213999001500254856009700269952004800366bg1 aESCHELBACH, Rudolf 0aTaschenbuch der metallischen Werkstoffe /cR. Eschelbach, J. Agst, K. Sczimarowsky. aStuttgart,c1969.1 aAGST, Joachim1 aSCZIMAROWSKY, Klaus cBPK apol a669.017 cKS s pl f |000 0 pol  c8493d8493 uhttp://koha.tu.koszalin.pl/cgi-bin/koha/opac-detail.pl?biblionumber=8493yKatalog online BPK 00104070aBPKbBPKcwo5211p02192512yKS